000 00571nam a2200241Ia 4500
003 OSt
005 20220924145526.0
006 a|||||r|||| 00| 0
007 ta
008 TEL
020 _c1.00
024 _a329108
037 _cTextual
040 _aARTS
_cARTS
_bTEL
041 _2TEL
_aTEL
082 _a0111,3N02,1, 35K1
100 _aStrinbeck John Au.
_9219957
245 0 _aAani Mutyam
260 _c1961
650 _aENGLISH LITERATURE
942 _h0111,3N02,1, 35K1
_cTEXL
_2CC
999 _c460356
_d460356